[Event "Titled Tuesday intern op 13th Feb Early"]
[Site "Chess.com INT"]
[Date "2024.02.13"]
[Round "3"]
[White "Barp, Alberto"]
[Black "Sturt, Raven M"]
[Result "1-0"]
[WhiteElo "2458"]
[BlackElo "2459"]
[PlyCount "57"]
[EventDate "2024.02.13"]
[EventType "swiss (blitz)"]
[EventRounds "11"]
[EventCountry "USA"]
[SourceTitle "CB08_2024"]
[SourceDate "2024.02.21"]
[SourceVersion "1"]
[SourceVersionDate "2024.02.21"]
[SourceQuality "1"]

1. Nf3 f5 2. d4 Nf6 3. g3 g6 4. Bg2 Bg7 5. 0-0 0-0 6. Nbd2 d6 7. Re1 Ne4 8. c3 c6 9. Nxe4 fxe4 10. Ng5 d5 11. f3 e5 12. fxe4 exd4 13. exd5 dxc3 14. Qb3 Qb6+ 15. Qxb6 axb6 16. dxc6 Nxc6 17. Bd5+ Kh8 18. bxc3 Bxc3 19. Rb1 h6 20. Nf7+ Rxf7 21. Bxf7 Kg7 22. Bb3 Bxe1 23. Bb2+ Kh7 24. Rxe1 Bd7 25. Rf1 Be8 26. Rf8 g5 27. Bc2+ Bg6 28. Bxg6+ Kxg6 29. Rxa8 1-0

[Event "Titled Tuesday intern op 13th Feb Early"]
[Site "Chess.com INT"]
[Date "2024.02.13"]
[Round "10"]
[White "Castellanos Gomez, Alejandro"]
[Black "Sturt, Raven M"]
[Result "0-1"]
[WhiteElo "2282"]
[BlackElo "2459"]
[PlyCount "96"]
[EventDate "2024.02.13"]
[EventType "swiss (blitz)"]
[EventRounds "11"]
[EventCountry "USA"]
[SourceTitle "CB08_2024"]
[SourceDate "2024.02.21"]
[SourceVersion "1"]
[SourceVersionDate "2024.02.21"]
[SourceQuality "1"]

1. d4 f5 2. c4 Nf6 3. Nc3 g6 4. e3 Bg7 5. Nf3 0-0 6. Bd3 d6 7. 0-0 Nc6 8. d5 Nb4 9. Be2 a5 10. Nd4 Na6 11. Re1 Nc5 12. b3 e5 13. dxe6 c6 14. Ba3 Qe7 15. Na4 Nxa4 16. bxa4 Ne4 17. Rc1 Nc5 18. Nb3 Bxe6 19. Nxc5 dxc5 20. Qc2 Rfd8 21. Rcd1 Rxd1 22. Rxd1 Rd8 23. g3 Rxd1+ 24. Qxd1 b6 25. Qd2 Qd7 26. Qxd7 Bxd7 27. Kf1 Bc3 28. Bf3 Be6 29. Be2 Kg7 30. f3 Kf6 31. Kf2 g5 32. Bc1 Ke5 33. Bd3 h6 34. Ke2 Kf6 35. Kf2 h5 36. h4 gxh4 37. gxh4 Kg6 38. e4 Bf6 39. Kg3 Be5+ 40. f4 Bc3 41. e5 Be1+ 42. Kh3 Kf7 43. Be3 Ke7 44. Be2 Bf7 45. Bf3 Bxc4 46. Bxc6 Bxa2 47. Bf3 Bf7 48. Be2 Be8 0-1

[Event "Titled Tuesday intern op 06th Feb Early"]
[Site "Chess.com INT"]
[Date "2024.02.06"]
[Round "9"]
[White "Yankelevich, Lev"]
[Black "Sturt, Raven M"]
[Result "1-0"]
[WhiteElo "2413"]
[BlackElo "2459"]
[PlyCount "101"]
[EventDate "2024.02.06"]
[EventType "swiss (blitz)"]
[EventRounds "11"]
[EventCountry "USA"]
[SourceTitle "CB07_2024"]
[SourceDate "2024.02.14"]
[SourceVersion "1"]
[SourceVersionDate "2024.02.14"]
[SourceQuality "1"]

1. d4 f5 2. Nf3 Nf6 3. e3 g6 4. b4 Bg7 5. Bb2 0-0 6. c4 c6 7. Be2 a5 8. b5 d6 9. a4 cxb5 10. axb5 b6 11. 0-0 e6 12. Nc3 Nbd7 13. Na4 Qe7 14. Nd2 Bb7 15. Bf3 Rab8 16. Bxb7 Rxb7 17. Qf3 Rc7 18. Rfc1 Rfc8 19. Ba3 Bf8 20. c5 dxc5 21. dxc5 bxc5 22. Nc4 Rb8 23. b6 Rcc8 24. Nxa5 Nd5 25. Nc4 N5xb6 26. Ncxb6 Nxb6 27. Bxc5 Qc7 28. Nxb6 Rxb6 29. Bxb6 Qxc1+ 30. Qd1 Qxd1+ 31. Rxd1 e5 32. h3 Kf7 33. e4 Ke6 34. exf5+ gxf5 35. g3 Bd6 36. Kg2 Rc3 37. Re1 Rd3 38. Re2 h5 39. Be3 Kd5 40. Rd2 Ke4 41. Rxd3 Kxd3 42. Ba7 Ke2 43. Bb6 e4 44. Ba7 h4 45. gxh4 f4 46. h5 f3+ 47. Kg1 Bf4 48. Bb6 e3 49. h4 Kd1 50. fxe3 Bh6 51. Kf2 1-0

[Event "Titled Tuesday intern op 23rd Jan Late"]
[Site "Chess.com INT"]
[Date "2024.01.23"]
[Round "5"]
[White "Sturt, Raven M"]
[Black "Kalavannan, Koby"]
[Result "0-1"]
[WhiteElo "2459"]
[BlackElo "2324"]
[PlyCount "116"]
[EventDate "2024.01.23"]
[EventType "swiss (blitz)"]
[EventRounds "11"]
[EventCountry "USA"]
[SourceTitle "CB05_2024"]
[SourceDate "2024.01.31"]
[SourceVersion "1"]
[SourceVersionDate "2024.01.31"]
[SourceQuality "1"]

1. f4 d5 2. Nf3 c5 3. e3 Nf6 4. b3 Bg4 5. Bb2 e6 6. h3 Bxf3 7. Qxf3 Bd6 8. Bb5+ Nc6 9. Bxc6+ bxc6 10. d3 Qa5+ 11. Nd2 c4 12. dxc4 Bb4 13. 0-0-0 Qxa2 14. e4 a5 15. exd5 cxd5 16. f5 a4 17. fxe6 Ba3 18. exf7+ Kxf7 19. Qc3 d4 20. Qxd4 Rhd8 21. Qe5 Bd6 22. Qc3 a3 23. Ba1 Bb4 24. Qe5 Ra5 25. Nf3 Rxe5 26. Bxe5 Re8 27. Bd4 Ne4 28. Rd3 Kg8 29. Rhd1 h6 30. Ne5 Nc5 31. Rg3 Ne6 32. Nf3 g5 33. Be5 Bc5 34. Re1 Kh7 35. Re4 Bf8 36. h4 Bg7 37. hxg5 Bxe5 38. g6+ Kg7 39. Rxe5 Qa1+ 40. Kd2 Qxe5 41. Nxe5 a2 42. Rf3 a1Q 43. Rf7+ Kg8 44. Nd7 Qd4+ 45. Kc1 Qa1+ 46. Kd2 Rd8 47. Ke2 Rxd7 48. Rxd7 Qe5+ 49. Kd2 Qf4+ 50. Kc3 Qf6+ 51. Kb4 Qxg6 52. c5 Qxc2 53. Rd5 Qxg2 54. Re5 Qb7+ 55. Kc4 Qa6+ 56. Kd5 Nc7+ 57. Kd4 Qb5 58. Re7 Na6 0-1

[Event "Titled Tuesday intern op 23rd Jan Late"]
[Site "Chess.com INT"]
[Date "2024.01.23"]
[Round "3"]
[White "Wael Sabry, Mina"]
[Black "Sturt, Raven M"]
[Result "0-1"]
[WhiteElo "2028"]
[BlackElo "2459"]
[PlyCount "34"]
[EventDate "2024.01.23"]
[EventType "swiss (blitz)"]
[EventRounds "11"]
[EventCountry "USA"]
[SourceTitle "CB05_2024"]
[SourceDate "2024.01.31"]
[SourceVersion "1"]
[SourceVersionDate "2024.01.31"]
[SourceQuality "1"]

1. Nf3 f5 2. c4 Nf6 3. g3 g6 4. Bg2 Bg7 5. 0-0 0-0 6. Nc3 d6 7. d3 e5 8. e4 Nc6 9. Re1 fxe4 10. Nxe4 Nxe4 11. dxe4 Bg4 12. h3 Bxf3 13. Bxf3 Qf6 14. Kg2 Nd4 15. Re3 Rf7 16. Rd3 Raf8 17. Rxd4 exd4 0-1

[Event "Titled Tuesday intern op 16th Jan Early"]
[Site "Chess.com INT"]
[Date "2024.01.16"]
[Round "6"]
[White "Alekseev, Evgeny V"]
[Black "Sturt, Raven M"]
[Result "1-0"]
[WhiteElo "2563"]
[BlackElo "2459"]
[PlyCount "113"]
[EventDate "2024.01.16"]
[EventType "swiss (blitz)"]
[EventRounds "11"]
[EventCountry "USA"]
[SourceTitle "CB04_2024"]
[SourceDate "2023.10.16"]
[SourceVersion "1"]
[SourceVersionDate "2023.10.16"]
[SourceQuality "1"]

1. e4 c5 2. Nf3 e6 3. d4 cxd4 4. Nxd4 Nc6 5. Nc3 Qc7 6. Be3 a6 7. g4 Nge7 8. Nb3 Ng6 9. h4 Bb4 10. h5 Bxc3+ 11. bxc3 Nf4 12. Qd2 e5 13. Bc5 d6 14. Bxd6 Qd8 15. f3 Be6 16. 0-0-0 Qf6 17. Qe3 Rd8 18. Ba3 Rxd1+ 19. Kxd1 Qd8+ 20. Kc1 f6 21. Be2 Kf7 22. Rd1 Qc8 23. Bf1 Rd8 24. Rxd8 Qxd8 25. Qc5 Nb8 26. Qa7 Qc7 27. Qc5 Qd8 28. Qd6 Nd7 29. Nc5 Qb6 30. Nxe6 Qxd6 31. Nd8+ Ke8 32. Bxd6 Kxd8 33. Bc4 Ke8 34. Kd2 Nb6 35. Bg8 h6 36. c4 Kd7 37. Bf8 Ne6 38. Bxe6+ Kxe6 39. Bxg7 Nxc4+ 40. Ke2 Na3 41. Kd3 Nb5 42. Bxh6 Nd4 43. f4 Nf3 44. f5+ Kf7 45. Be3 Nh2 46. g5 Ng4 47. g6+ Ke7 48. h6 Kf8 49. h7 Kg7 50. Ke2 b5 51. Kf3 Nh2+ 52. Kg2 Ng4 53. Bd2 b4 54. Kg3 Nh6 55. Bxh6+ Kh8 56. Be3 a5 57. Bc5 1-0

[Event "Titled Tuesday intern op 16th Jan Early"]
[Site "Chess.com INT"]
[Date "2024.01.16"]
[Round "9"]
[White "Murzin, Volodar"]
[Black "Sturt, Raven M"]
[Result "1-0"]
[WhiteElo "2635"]
[BlackElo "2459"]
[PlyCount "41"]
[EventDate "2024.01.16"]
[EventType "swiss (blitz)"]
[EventRounds "11"]
[EventCountry "USA"]
[SourceTitle "CB04_2024"]
[SourceDate "2023.10.16"]
[SourceVersion "1"]
[SourceVersionDate "2023.10.16"]
[SourceQuality "1"]

1. d4 f5 2. Nf3 Nf6 3. Bg5 e6 4. Nbd2 Be7 5. Bxf6 Bxf6 6. e4 fxe4 7. Nxe4 0-0 8. Bd3 Nc6 9. c3 d6 10. h4 e5 11. d5 Ne7 12. Nfg5 h6 13. Qh5 Nxd5 14. Qg6 Re8 15. Qf7+ Kh8 16. Qxd5 c6 17. Nf7+ Kg8 18. Nxh6+ Kh7 19. Nxf6+ Kxh6 20. Qe4 Qxf6 21. Qh7# 1-0

[Event "Titled Tuesday intern op 16th Jan Early"]
[Site "Chess.com INT"]
[Date "2024.01.16"]
[Round "1"]
[White "Sturt, Raven M"]
[Black "Terzi, Alexei"]
[Result "1-0"]
[WhiteElo "2459"]
[BlackElo "2254"]
[PlyCount "43"]
[EventDate "2024.01.16"]
[EventType "swiss (blitz)"]
[EventRounds "11"]
[EventCountry "USA"]
[SourceTitle "CB04_2024"]
[SourceDate "2023.10.16"]
[SourceVersion "1"]
[SourceVersionDate "2023.10.16"]
[SourceQuality "1"]

1. f4 d5 2. Nf3 Nf6 3. e3 e6 4. b3 Be7 5. Bb2 0-0 6. Rg1 Nc6 7. g4 Ne4 8. g5 f5 9. d3 Nc5 10. Nbd2 Bd6 11. Qe2 a6 12. 0-0-0 a5 13. a3 a4 14. b4 Na6 15. b5 Nc5 16. bxc6 bxc6 17. Ne5 Bd7 18. g6 h6 19. Nf7 Qc8 20. Qh5 Rb8 21. Qxh6 gxh6 22. Nxh6# 1-0

[Event "Titled Tuesday intern op 16th Jan Early"]
[Site "Chess.com INT"]
[Date "2024.01.16"]
[Round "4"]
[White "Sturt, Raven M"]
[Black "Zhigalko, Sergei"]
[Result "0-1"]
[WhiteElo "2459"]
[BlackElo "2572"]
[PlyCount "78"]
[EventDate "2024.01.16"]
[EventType "swiss (blitz)"]
[EventRounds "11"]
[EventCountry "USA"]
[SourceTitle "CB04_2024"]
[SourceDate "2023.10.16"]
[SourceVersion "1"]
[SourceVersionDate "2023.10.16"]
[SourceQuality "1"]

1. f4 d5 2. Nf3 Nf6 3. e3 g6 4. b3 Bg7 5. Bb2 0-0 6. Be2 c5 7. 0-0 d4 8. exd4 Nd5 9. Ne5 cxd4 10. Bxd4 Nd7 11. Bf3 Nxf4 12. Qe1 Qc7 13. Nc3 Bxe5 14. Bxe5 Qxe5 15. Qg3 Ne6 16. Nd5 Re8 17. Rae1 Qxg3 18. hxg3 Nf6 19. Nxf6+ exf6 20. d4 Rd8 21. d5 Nd4 22. c4 Nxf3+ 23. Rxf3 f5 24. Re7 Bd7 25. Kf2 Kf8 26. Re1 Re8 27. Rh1 h5 28. a4 a5 29. Rd1 Rac8 30. Rd2 b6 31. Re3 Rxe3 32. Kxe3 Re8+ 33. Kd3 Ke7 34. b4 axb4 35. a5 bxa5 36. c5 Bb5+ 37. Kd4 Kd7 38. d6 Re4+ 39. Kd5 Bc6# 0-1

[Event "Titled Tuesday intern op 09th Jan Early"]
[Site "Chess.com INT"]
[Date "2024.01.09"]
[Round "6"]
[White "Iturrizaga Bonelli, Eduardo"]
[Black "Sturt, Raven M"]
[Result "1-0"]
[WhiteElo "2600"]
[BlackElo "2459"]
[PlyCount "127"]
[EventDate "2024.01.09"]
[EventType "swiss (blitz)"]
[EventRounds "11"]
[EventCountry "USA"]
[SourceTitle "CB03_2024"]
[SourceDate "2024.01.17"]
[SourceVersion "1"]
[SourceVersionDate "2024.01.17"]
[SourceQuality "1"]

1. c4 f5 2. g3 Nf6 3. Bg2 g6 4. Nc3 Bg7 5. d4 d6 6. Nf3 0-0 7. Qc2 Qe8 8. d5 Na6 9. 0-0 Bd7 10. Be3 c5 11. dxc6 bxc6 12. Rfd1 Rb8 13. Bxa7 Rb7 14. Be3 Nb4 15. Qc1 Ng4 16. Bd2 Na6 17. h3 Nf6 18. Be3 Qb8 19. b3 e5 20. Bh6 e4 21. Bxg7 Kxg7 22. Nd4 Nc7 23. Qb2 c5 24. Nc2 Rb6 25. Rd2 Be6 26. Rad1 Rd8 27. Ne3 Kf7 28. f3 exf3 29. exf3 f4 30. gxf4 Qc8 31. Ng4 Nce8 32. Nb5 d5 33. cxd5 Bxg4 34. Na7 Qa8 35. Nc6 Bf5 36. Qc3 Rxc6 37. dxc6 Rxd2 38. Rxd2 Qxc6 39. Bf1 Nd6 40. Qe5 Nde8 41. Bc4+ Kg7 42. Qe7+ Kh6 43. Kf2 Qb6 44. h4 Qb4 45. Rd8 Qc3 46. Rxe8 Qd4+ 47. Kg2 Nxe8 48. Qg5+ Kg7 49. Qe7+ Kh6 50. Qxe8 Qxf4 51. Qf8+ Kh5 52. Qxc5 Kxh4 53. Qf2+ Kh5 54. a4 Qg5+ 55. Qg3 Qd2+ 56. Kg1 Qc1+ 57. Kh2 Qd2+ 58. Qg2 Qd6+ 59. Kg1 Qd1+ 60. Qf1 Qd4+ 61. Qf2 Qd1+ 62. Kg2 Qd8 63. Qe3 Kh4 64. Qh6# 1-0

[Event "Titled Tuesday intern op 09th Jan Early"]
[Site "Chess.com INT"]
[Date "2024.01.09"]
[Round "2"]
[White "Sturt, Raven M"]
[Black "Carre, Sylvain"]
[Result "1-0"]
[WhiteElo "2459"]
[BlackElo "2090"]
[PlyCount "83"]
[EventDate "2024.01.09"]
[EventType "swiss (blitz)"]
[EventRounds "11"]
[EventCountry "USA"]
[SourceTitle "CB03_2024"]
[SourceDate "2024.01.17"]
[SourceVersion "1"]
[SourceVersionDate "2024.01.17"]
[SourceQuality "1"]

1. f4 Nh6 2. Nf3 d5 3. d3 Bg4 4. e4 dxe4 5. dxe4 Qxd1+ 6. Kxd1 Nc6 7. c3 0-0-0+ 8. Kc2 e5 9. h3 Bxf3 10. gxf3 Bd6 11. f5 Ng8 12. Bc4 f6 13. Rg1 g6 14. fxg6 hxg6 15. Rxg6 Nge7 16. Rg3 Kb8 17. Be6 Bc5 18. b4 Bf2 19. Rg2 Be1 20. Na3 Rd6 21. Bg4 Rhd8 22. Nc4 Rd3 23. Bb2 Bh4 24. b5 Bg5 25. bxc6 Nxc6 26. Rh1 Bh4 27. Rd2 Rxd2+ 28. Nxd2 Bg5 29. Nb3 a5 30. h4 Bf4 31. a4 Na7 32. Bc1 b5 33. Bxf4 bxa4 34. Nxa5 exf4 35. h5 Rh8 36. h6 Nb5 37. h7 Nd6 38. Bf5 Nxf5 39. exf5 Ka7 40. Nc6+ Kb6 41. Ne7 a3 42. Ng6 1-0

[Event "Barcelona Sants op 24th"]
[Site "Barcelona"]
[Date "2023.08.20"]
[Round "3"]
[White "Pomes Marcet, Juan"]
[Black "Sturt, Raven M"]
[Result "0-1"]
[WhiteElo "2233"]
[BlackElo "2454"]
[PlyCount "118"]
[EventDate "2023.08.18"]
[EventType "swiss"]
[EventRounds "10"]
[EventCountry "ESP"]
[SourceTitle "CBM 215 Extra"]
[Source "ChessBase"]
[SourceDate "2023.09.30"]
[SourceVersion "1"]
[SourceVersionDate "2023.09.30"]
[SourceQuality "1"]

1. d4 Nf6 2. c4 g6 3. Nc3 d5 4. cxd5 Nxd5 5. Bd2 Bg7 6. e4 Nxc3 7. Bxc3 0-0 8. Nf3 Bg4 9. Be2 c5 10. d5 Bxc3+ 11. bxc3 Bxf3 12. Bxf3 Qd6 13. 0-0 Nd7 14. g3 b5 15. Bg2 b4 16. c4 Nb6 17. Rc1 e5 18. f4 a5 19. f5 a4 20. Qd2 Ra6 21. Qh6 Nd7 22. Bh3 Qe7 23. Rc2 Nf6 24. fxg6 hxg6 25. Qe3 Nh7 26. Bg2 Rf6 27. Rd1 Rb6 28. Rb2 Rfb8 29. Rdb1 Nf6 30. Bh3 Ne8 31. Bf1 Qc7 32. Bd3 Kg7 33. h4 a3 34. Rb3 Nd6 35. Rf1 Nb7 36. Qd2 Qe7 37. Rbb1 Rf6 38. Rxf6 Qxf6 39. Rf1 Qe7 40. Bc2 Nd6 41. Qe2 Rf8 42. Kg2 Rh8 43. Bd3 Rb8 44. Bc2 Rb6 45. Re1 Nb7 46. Bb3 Na5 47. Qe3 g5 48. hxg5 Rg6 49. Rd1 Nb7 50. Bc2 Kf8 51. Rf1 Rxg5 52. Rf5 Rg6 53. Rh5 Kg7 54. Bd1 Nd6 55. Bb3 Qf6 56. Kh2 Rh6 57. Bd1 Rxh5+ 58. Bxh5 Qh6 59. Qf3 b3 0-1

[Event "Titled Tuesday intern op 01st Aug Early"]
[Site "Chess.com INT"]
[Date "2023.08.01"]
[Round "8"]
[White "Cherniaiev, Tykhon"]
[Black "Sturt, Raven M"]
[Result "1-0"]
[WhiteElo "2278"]
[BlackElo "2454"]
[PlyCount "107"]
[EventDate "2023.08.01"]
[EventType "swiss (blitz)"]
[EventRounds "11"]
[EventCountry "USA"]
[SourceTitle "EXT 2024"]
[Source "ChessBase"]
[SourceDate "2023.10.10"]
[SourceVersion "1"]
[SourceVersionDate "2023.10.10"]
[SourceQuality "1"]

1. Nf3 f5 2. d3 Nc6 3. e4 e5 4. Nc3 Nf6 5. exf5 d5 6. d4 e4 7. Ne5 Bxf5 8. Bb5 Bd7 9. 0-0 Bd6 10. Bxc6 bxc6 11. Bf4 0-0 12. f3 exf3 13. Qxf3 Rb8 14. b3 Rb4 15. Qd3 c5 16. dxc5 Bxc5+ 17. Kh1 Rd4 18. Qa6 Bc8 19. Qb5 Bd6 20. Nc6 Bd7 21. Bxd6 Bxc6 22. Qc5 Qxd6 23. Qxd4 Bd7 24. h3 c5 25. Qf4 Qxf4 26. Rxf4 g5 27. Rff1 d4 28. Na4 Bxa4 29. bxa4 Kg7 30. Rf5 Ne4 31. Re5 Rf4 32. Re1 Ng3+ 33. Kh2 Nf1+ 34. Kg1 Ne3 35. Rxg5+ Kf6 36. Rxc5 h5 37. c3 Nc2 38. Re8 d3 39. Rf8+ Ke6 40. Rd8 Nd4 41. Re8+ Kd6 42. Re1 Kxc5 43. cxd4+ Kxd4 44. g3 Rf3 45. Kg2 Re3 46. Rf1 d2 47. Kf2 Kd3 48. Rb1 Re2+ 49. Kf1 Rh2 50. Kg1 Re2 51. Kf1 Kc2 52. Kxe2 Kxb1 53. Kxd2 Kxa2 54. g4 1-0

[Event "Titled Tuesday intern op 01st Aug Early"]
[Site "Chess.com INT"]
[Date "2023.08.01"]
[Round "10"]
[White "Sturt, Raven M"]
[Black "Bazilius, Augustinas"]
[Result "0-1"]
[WhiteElo "2454"]
[BlackElo "2052"]
[PlyCount "120"]
[EventDate "2023.08.01"]
[EventType "swiss (blitz)"]
[EventRounds "11"]
[EventCountry "USA"]
[SourceTitle "EXT 2024"]
[Source "ChessBase"]
[SourceDate "2023.10.10"]
[SourceVersion "1"]
[SourceVersionDate "2023.10.10"]
[SourceQuality "1"]

1. d4 Nf6 2. c4 c5 3. Nf3 cxd4 4. Nxd4 Nc6 5. Nc3 g6 6. g3 Bg7 7. Bg2 0-0 8. 0-0 Qa5 9. Nb3 Qh5 10. e4 Qxd1 11. Rxd1 d6 12. Bg5 h6 13. Bf4 g5 14. Be3 Ng4 15. Bd2 Nge5 16. c5 dxc5 17. Nxc5 Nc4 18. Nd5 Nxb2 19. Rdc1 b6 20. Nb3 Ne5 21. Nxe7+ Kh7 22. f4 Ned3 23. Rc7 Be6 24. e5 Rad8 25. Be4+ Kh8 26. Rf1 Bh3 27. Rb1 gxf4 28. gxf4 Be6 29. Be3 Nc4 30. Rxc4 Bxc4 31. Nd2 Bxa2 32. Ra1 Nb4 33. Nf3 Rd7 34. Nf5 Bd5 35. Bxd5 Nxd5 36. Bd2 a5 37. Kf2 Rc8 38. Rg1 Bf8 39. e6 fxe6 40. Ne5 exf5 41. Kf3 Rd6 42. Nf7+ Kh7 43. Nxd6 Bxd6 44. Rd1 Bc5 45. Bc1 Nf6 46. Bb2 Kg6 47. Re1 Rc6 48. Rd1 Rd6 49. Rc1 Rd3+ 50. Ke2 Re3+ 51. Kd2 Ne4+ 52. Kc2 Rf3 53. Kb1 Rxf4 54. Be5 Rf2 55. Rc2 Rxc2 56. Kxc2 a4 57. h4 a3 58. Kb3 Nd2+ 59. Ka2 Nf3 60. Bf4 Nxh4 0-1

[Event "Titled Tuesday intern op 01st Aug Early"]
[Site "Chess.com INT"]
[Date "2023.08.01"]
[Round "6"]
[White "Sturt, Raven M"]
[Black "Bazyrtsyrenov, Kirill"]
[Result "0-1"]
[WhiteElo "2454"]
[BlackElo "2242"]
[PlyCount "82"]
[EventDate "2023.08.01"]
[EventType "swiss (blitz)"]
[EventRounds "11"]
[EventCountry "USA"]
[SourceTitle "EXT 2024"]
[Source "ChessBase"]
[SourceDate "2023.10.10"]
[SourceVersion "1"]
[SourceVersionDate "2023.10.10"]
[SourceQuality "1"]

1. d4 Nf6 2. c4 Nc6 3. Nf3 e6 4. g3 Bb4+ 5. Bd2 Bxd2+ 6. Qxd2 0-0 7. Nc3 d6 8. Bg2 Qe7 9. 0-0 e5 10. Rab1 Bf5 11. Rbe1 Ne4 12. Nxe4 Bxe4 13. d5 Nb8 14. Nh4 Bxg2 15. Nxg2 Nd7 16. e4 a5 17. f4 Nc5 18. f5 f6 19. g4 b5 20. cxb5 Rfb8 21. Qe2 Rb6 22. Ne3 Rab8 23. g5 Rxb5 24. Qh5 Nd3 25. Re2 Nf4 26. Rxf4 exf4 27. Nc4 fxg5 28. h4 Rb4 29. b3 gxh4 30. Qg4 a4 31. Qxf4 axb3 32. axb3 Rxb3 33. Rg2 Rg3 34. Rxg3 hxg3 35. Kg2 Rb4 36. Nd2 Rd4 37. Kf3 Qe5 38. Qg5 Qf6 39. Qf4 Rd3+ 40. Ke2 g2 41. Qg4 Qc3 0-1

[Event "Titled Tuesday intern op 01st Aug Early"]
[Site "Chess.com INT"]
[Date "2023.08.01"]
[Round "4"]
[White "Sturt, Raven M"]
[Black "Ferro, Mario"]
[Result "1/2-1/2"]
[WhiteElo "2454"]
[BlackElo "2217"]
[PlyCount "90"]
[EventDate "2023.08.01"]
[EventType "swiss (blitz)"]
[EventRounds "11"]
[EventCountry "USA"]
[SourceTitle "EXT 2024"]
[Source "ChessBase"]
[SourceDate "2023.10.10"]
[SourceVersion "1"]
[SourceVersionDate "2023.10.10"]
[SourceQuality "1"]

1. d4 Nf6 2. c4 c5 3. Nf3 cxd4 4. Nxd4 Nc6 5. Nc3 g6 6. g3 Bg7 7. Bg2 0-0 8. 0-0 d6 9. Nxc6 bxc6 10. Bxc6 Bh3 11. Bg2 Bxg2 12. Kxg2 Rc8 13. Qd3 Qc7 14. Bg5 Qxc4 15. Qxc4 Rxc4 16. Rac1 Rfc8 17. Rfd1 h6 18. Be3 a6 19. Rd4 Ng4 20. Rd3 Nxe3+ 21. Rxe3 d5 22. Nxd5 Rxc1 23. Nxe7+ Kf8 24. Nxc8 Rxc8 25. Ra3 Rc6 26. b3 Bc3 27. Ra4 f5 28. e3 Kf7 29. h4 a5 30. Kf3 Kf6 31. Ke2 Rd6 32. Kf3 g5 33. hxg5+ hxg5 34. a3 g4+ 35. Kg2 Rd2 36. Rc4 Bb2 37. b4 axb4 38. axb4 Ba3 39. e4 Rb2 40. exf5 Kxf5 41. Rc5+ Kf6 42. Rc6+ Kf5 43. Rc5+ Kf6 44. Rc6+ Ke5 45. Rc5+ Kf6 1/2-1/2

[Event "Titled Tuesday intern op 07th Feb Early"]
[Site "Chess.com INT"]
[Date "2023.02.07"]
[Round "3"]
[White "Sturt, Raven M"]
[Black "Dzhaparov, Medet"]
[Result "1-0"]
[WhiteElo "2470"]
[BlackElo "1609"]
[PlyCount "109"]
[EventDate "2023.02.07"]
[EventType "swiss (blitz)"]
[EventRounds "11"]
[EventCountry "USA"]
[SourceTitle "EXT 2024"]
[Source "ChessBase"]
[SourceDate "2023.10.10"]
[SourceVersion "1"]
[SourceVersionDate "2023.10.10"]
[SourceQuality "1"]

1. e4 e5 2. Nf3 Nc6 3. Bb5 Nf6 4. d3 d6 5. 0-0 Be7 6. c3 0-0 7. Re1 a6 8. Ba4 Bg4 9. h3 Bh5 10. Nbd2 b5 11. Bb3 b4 12. Ba4 bxc3 13. bxc3 Nb8 14. Nc4 Nbd7 15. g4 Bg6 16. Be3 Rb8 17. Na5 Qc8 18. Nc6 Bd8 19. Nxb8 Nxb8 20. Nh4 c5 21. Nf5 Bxf5 22. gxf5 d5 23. Qf3 d4 24. Bd2 c4 25. cxd4 exd4 26. dxc4 Qxc4 27. Bb3 Qb5 28. Rab1 Qc6 29. Rbc1 Qa8 30. Bb4 Re8 31. Ba4 Nbd7 32. Kg2 Be7 33. Bxe7 Rxe7 34. e5 Qxf3+ 35. Kxf3 Nxe5+ 36. Rxe5 Rxe5 37. Rc8+ Ne8 38. Rxe8+ Rxe8 39. Bxe8 Kf8 40. Bc6 Ke7 41. Ke4 Kf6 42. Bd5 g6 43. fxg6 fxg6 44. Kxd4 Kg5 45. Ke5 Kh5 46. Bg8 h6 47. f4 Kh4 48. Bh7 Kxh3 49. Bxg6 Kg3 50. f5 Kf2 51. f6 Ke2 52. f7 Kd2 53. f8Q Kc1 54. Qf2 a5 55. Qc2# 1-0

[Event "Titled Tuesday intern op 07th Feb Early"]
[Site "Chess.com INT"]
[Date "2023.02.07"]
[Round "7"]
[White "Zacurdajev, Dmitry"]
[Black "Sturt, Raven M"]
[Result "0-1"]
[WhiteElo "2273"]
[BlackElo "2470"]
[PlyCount "70"]
[EventDate "2023.02.07"]
[EventType "swiss (blitz)"]
[EventRounds "11"]
[EventCountry "USA"]
[SourceTitle "EXT 2024"]
[Source "ChessBase"]
[SourceDate "2023.10.10"]
[SourceVersion "1"]
[SourceVersionDate "2023.10.10"]
[SourceQuality "1"]

1. d4 f5 2. Nf3 Nf6 3. g3 g6 4. Bg2 Bg7 5. 0-0 0-0 6. c4 d6 7. Nc3 Qe8 8. d5 Na6 9. Rb1 Bd7 10. Qc2 c6 11. Rd1 cxd5 12. cxd5 Rc8 13. Be3 Ne4 14. Bd4 Nxc3 15. bxc3 Ba4 16. Qd3 Bxd1 17. Qxd1 Nc5 18. Bxg7 Kxg7 19. Qd4+ Kg8 20. Ng5 h6 21. Nh3 g5 22. f4 Qg6 23. Nf2 Qg7 24. Qd2 b6 25. c4 Rc7 26. Nd3 Ne4 27. Qb4 Qd4+ 28. Kh1 Rxc4 29. Qb5 Rfc8 30. Qd7 Rc1+ 31. Bf1 Rxb1 32. Qxc8+ Kg7 33. Kg2 Nd2 34. Qe6 Qe4+ 35. Qxe4 fxe4 0-1

[Event "SRB-chT 2nd League"]
[Site "Vrnjacka Banja"]
[Date "2022.11.06"]
[Round "3.1"]
[White "Samani, Yamac"]
[Black "Sturt, Raven M"]
[Result "0-1"]
[WhiteElo "2326"]
[BlackElo "2463"]
[PlyCount "82"]
[EventDate "2022.11.04"]
[EventType "team-tourn"]
[EventRounds "11"]
[EventCountry "SRB"]
[SourceTitle "CBM 211 Extra"]
[Source "ChessBase"]
[SourceDate "2023.01.31"]
[SourceVersion "1"]
[SourceVersionDate "2023.01.31"]
[SourceQuality "1"]
[WhiteTeam "Dec"]
[BlackTeam "Sombor"]
[WhiteTeamCountry "SRB"]
[BlackTeamCountry "SRB"]

1. e4 c5 2. Nf3 d6 3. d4 cxd4 4. Nxd4 Nf6 5. Nc3 a6 6. Be3 e5 7. Nb3 Be7 8. f3 Be6 9. Qd2 h5 10. Be2 Nbd7 11. Nd5 Nxd5 12. exd5 Bf5 13. Na5 Bh4+ 14. g3 Be7 15. 0-0 Qc7 16. c4 h4 17. g4 Bg6 18. Rac1 0-0 19. b4 f5 20. gxf5 Bxf5 21. c5 dxc5 22. bxc5 Nxc5 23. d6 Bxd6 24. Nxb7 Qxb7 25. Qxd6 Ne6 26. Bc4 Qf7 27. Qxe5 Kh8 28. Bd5 Rae8 29. Rc4 Qh5 30. Kh1 Ng5 31. Qf4 Nh7 32. Rg1 Bg6 33. Qd6 Rxe3 34. Rxg6 Re1+ 35. Rg1 Rxg1+ 36. Kxg1 Qg5+ 37. Kh1 Rd8 38. f4 Qf5 39. Rc5 h3 40. Kg1 Nf6 41. Qe5 Qb1+ 0-1